Jahresbericht - Deutsches Hydrographisches Institut.

Bibliographic Details
New Title:Jahresbericht (Germany. Bundesamt für Seeschiffahrt und Hydrographie)
Corporate Author: Deutsches Hydrographisches Institut
Format: Journal
Language:German
Published: Hamburg : Deutsches Hydrographisches Institut.
Subjects:
Online Availability: Check for online availability

MARC

Tag First Indicator Second Indicator Subfields
LEADER 00000cas a2200000 4500
001 in00000046736
005 20151007075356.0
008 750723d19461989gw arzp f0 b0ger d
010 |a sn 86009588  
019 |a 1468946 
022 |a 0070-4458 
030 |a JDHIDE 
035 |a (OCoLC)ocm01112295 
035 |9 AAF3103AM 
040 |a UDI  |c UDI  |d HUL  |d AIP  |d OCL  |d GUA  |d HUL  |d DLC  |d OCL  |d OCLCQ  |d UtOrBLW 
042 |a nsdp  |a lcd 
043 |a e-gx--- 
049 |a TXAM 
050 1 4 |a VK597.G4  |b A313 
110 2 |a Deutsches Hydrographisches Institut. 
210 0 |a Jahresber. - Dtsch. Hydrogr. Inst. 
222 0 |a Jahresbericht - Deutsches Hydrographisches Institut 
245 1 0 |a Jahresbericht - Deutsches Hydrographisches Institut. 
264 1 |a Hamburg :  |b Deutsches Hydrographisches Institut. 
300 |a 44 numbers :  |b illustrations, maps (part folded) ;  |c 25 cm. 
336 |a text  |b txt  |2 rdacontent 
337 |a unmediated  |b n  |2 rdamedia 
338 |a volume  |b nc  |2 rdacarrier 
362 0 |a Nr. 1-44.; 1946-89. 
500 |a Volumes for 1946-48 issued under allied occupation. 
500 |a Also issued in English and French editions. 
510 2 |a GeoRef  |x 0197-7482 
650 0 |a Hydrography  |z Germany  |x Periodicals. 
775 1 |a Deutsches Hydrographisches Institut.  |t Annual report - German Hydrographic Institute,  |g no. 1- 1946-  |w (OCoLC)1112015 
785 0 0 |t Jahresbericht (Germany. Bundesamt für Seeschiffahrt und Hydrographie)  |w (DLC) 92649609  |w (OCoLC)26199333 
850 |a GU  |a MH-Z 
948 |a t1 
994 |a E0  |b TXA 
999 |a MARS 
999 f f |s fa0f4a75-1f51-3cd6-95b5-3ed4066df1ac  |i ed9fe21c-99f9-3767-b1cd-228f8518a2d3  |t 0 
952 f f |p ric  |a Texas A&M University  |b Rellis Campus  |c Joint Library Facility  |d Remote Storage  |t 0  |e VK597.G4 A313  |h Library of Congress classification  |i unmediated -- volume  |k 42  |l 1987  |m A14811272112 
952 f f |p ric  |a Texas A&M University  |b Rellis Campus  |c Joint Library Facility  |d Remote Storage  |t 0  |e VK597.G4 A313  |h Library of Congress classification  |i unmediated -- volume  |k 25-30  |l 1970-1975  |m A14820338658 
952 f f |p ric  |a Texas A&M University  |b Rellis Campus  |c Joint Library Facility  |d Remote Storage  |t 0  |e VK597.G4 A313  |h Library of Congress classification  |i unmediated -- volume  |k 1-6  |l 1946-1951  |m A14820338755 
952 f f |p ric  |a Texas A&M University  |b Rellis Campus  |c Joint Library Facility  |d Remote Storage  |t 0  |e VK597.G4 A313  |h Library of Congress classification  |i unmediated -- volume  |k 35  |l 1980  |m A14811271459 
952 f f |p ric  |a Texas A&M University  |b Rellis Campus  |c Joint Library Facility  |d Remote Storage  |t 0  |e VK597.G4 A313  |h Library of Congress classification  |i unmediated -- volume  |k 39  |l 1984  |m A14811271962 
952 f f |p ric  |a Texas A&M University  |b Rellis Campus  |c Joint Library Facility  |d Remote Storage  |t 0  |e VK597.G4 A313  |h Library of Congress classification  |i unmediated -- volume  |k 19-21,23-24  |l 1964-1969  |m A14820338690 
952 f f |p ric  |a Texas A&M University  |b Rellis Campus  |c Joint Library Facility  |d Remote Storage  |t 0  |e VK597.G4 A313  |h Library of Congress classification  |i unmediated -- volume  |k 41  |l 1986  |m A14811272065 
952 f f |p ric  |a Texas A&M University  |b Rellis Campus  |c Joint Library Facility  |d Remote Storage  |t 0  |e VK597.G4 A313  |h Library of Congress classification  |i unmediated -- volume  |k 13-18  |l 1958-1963  |m A14820338705 
952 f f |p ric  |a Texas A&M University  |b Rellis Campus  |c Joint Library Facility  |d Remote Storage  |t 0  |e VK597.G4 A313  |h Library of Congress classification  |i unmediated -- volume  |k 33-34  |l 1978/1979  |m A14811271409 
952 f f |p ric  |a Texas A&M University  |b Rellis Campus  |c Joint Library Facility  |d Remote Storage  |t 0  |e VK597.G4 A313  |h Library of Congress classification  |i unmediated -- volume  |k 44  |l 1989  |m A14813468939 
952 f f |p ric  |a Texas A&M University  |b Rellis Campus  |c Joint Library Facility  |d Remote Storage  |t 0  |e VK597.G4 A313  |h Library of Congress classification  |i unmediated -- volume  |k 7-12  |l 1952-1957  |m A14820338747 
952 f f |p ric  |a Texas A&M University  |b Rellis Campus  |c Joint Library Facility  |d Remote Storage  |t 0  |e VK597.G4 A313  |h Library of Congress classification  |i unmediated -- volume  |k 38  |l 1983  |m A14811271912 
952 f f |p ric  |a Texas A&M University  |b Rellis Campus  |c Joint Library Facility  |d Remote Storage  |t 0  |e VK597.G4 A313  |h Library of Congress classification  |i unmediated -- volume  |k 40  |l 1985  |m A14811272015 
952 f f |p ric  |a Texas A&M University  |b Rellis Campus  |c Joint Library Facility  |d Remote Storage  |t 0  |e VK597.G4 A313  |h Library of Congress classification  |i unmediated -- volume  |k 36  |l 1981  |m A14811271506 
952 f f |p ric  |a Texas A&M University  |b Rellis Campus  |c Joint Library Facility  |d Remote Storage  |t 0  |e VK597.G4 A313  |h Library of Congress classification  |i unmediated -- volume  |k 43  |l 1988  |m A14812319569 
952 f f |p ric  |a Texas A&M University  |b Rellis Campus  |c Joint Library Facility  |d Remote Storage  |t 0  |e VK597.G4 A313  |h Library of Congress classification  |i unmediated -- volume  |k 31-32  |l 1976/1977  |m A14811271352 
952 f f |p ric  |a Texas A&M University  |b Rellis Campus  |c Joint Library Facility  |d Remote Storage  |t 0  |e VK597.G4 A313  |h Library of Congress classification  |i unmediated -- volume  |k 37  |l 1982  |m A14811271556 
998 f f |a VK597.G4 A313  |s Nr.23-44 (1968-1989)  |t 0  |l Remote Storage